Macroeconomics (Record no. 2286)

MARC details
005 - DATE AND TIME OF LATEST TRANSACTION
control field 20250515130240.0
020 ## - INTERNATIONAL STANDARD BOOK NUMBER
International Standard Book Number 1-256-34365-X
082 ## - DEWEY DECIMAL CLASSIFICATION NUMBER
Classification number LECT 339 PAR
100 ## - MAIN ENTRY--PERSONAL NAME
Author name PARKIN, M.
245 ## - TITLE STATEMENT
Title Macroeconomics
250 ## - EDITION STATEMENT
Edition statement 4th Ed.
260 ## - PUBLICATION, DISTRIBUTION, ETC.
Place of publication, distribution, etc. Boston,
Name of publisher, distributor, etc. Pearson,
Date of publication, distribution, etc. 2012.
300 ## - PHYSICAL DESCRIPTION
Extent xxix, 423p.: ill.; figure, graph, picture, table.
Dimensions 27cm.
856 ## - ELECTRONIC LOCATION AND ACCESS
Link text Access Online Book
Electronic name Macroeconomics
Path www.pearsonlearningsolutions.com
942 ## - ADDED ENTRY ELEMENTS (KOHA)
Source of classification or shelving scheme Dewey Decimal Classification
Koha item type Books
Holdings
Date last seen Total checkouts Full call number Barcode Cost, replacement price Price effective from Koha item type Lost status Source of classification or shelving scheme Damaged status Not for loan Withdrawn status Home library Current library Shelving location Date acquired Cost, normal purchase price
05/14/2025   LECT 339 PAR 0000008736 90000.00 05/14/2025 Books   Dewey Decimal Classification       College of Business Education Main Library College of Business Education Main Library General Collection 11/28/2014 30000.00